Statistiques concernant Pays les plus proches de la Timor-Leste

Cliquez ici pour prendre le quiz!

Statistiques générales

  • Ce quiz a été pris 53 fois
  • Le résultat moyen est 18 sur 20

Statistiques - réponses

km pays % Correct
0Indonésie
100%
461Australie
100%
3227Laos
95%
3796Inde
95%
2899Viêt Nam
95%
1594Malaisie
95%
1538Philippines
93%
3549Birmanie
93%
2988Cambodge
93%
2516Singapour
93%
3433Chine
91%
2979Thaïlande
91%
1813Brunei
86%
3436Taïwan
84%
2176Micronésie
84%
1620Palaos
82%
1506Papouasie-
Nouvelle-Guinée
80%
4319Vanuatu
80%
3624Japon
77%
3109Salomon
73%

Distribution des résultats

Percentile by Number Answered

% des personnes avec chaque résultat

Votre développement - résultats

Vous n’avez pas pris ce quiz